Retos nacionales e internacionales a la educación Peruana.

Na minha lista:
Detalhes bibliográficos
Formato: Livro
Idioma:espanhol
Colecção:(Diálogos educativos)
Assuntos:
Tags: Adicionar Tag
Sem tags, seja o primeiro a adicionar uma tag!

MARC

LEADER 00000cam^a2200000uu^4500
001 000461974
005 20250521000000.0
008 050901s1994^^^^^^^^^^^^rd^r^^000^0^spa^d
009 20260310124237.154
035 |a FCE 000004477 
035 |a FCE 017080 
037 |a Acervo ITESO - Biblioteca 
041 |a spa 
082 0 4 |a 370.193385  |b RETn 
245 0 0 |a Retos nacionales e internacionales a la educación Peruana. 
264 |a Lima :  |b Foro educativo,  |c 1994. 
300 |a 115 p. 
336 |a texto  |b txt  |2 rdacontenido 
337 |a sin mediación  |b n  |2 rdamedio 
338 |a volumen  |b nc  |2 rdasoporte 
440 0 |a (Diálogos educativos) 
649 |a XX 
650 |a Acceso a la educación 
650 |a Sistema educativo 
650 |a Desarrollo de la educación 
650 |a Necesidades educativas 
650 |a Reforma de la educación 
650 |a Educación y sociedad 
650 |a Políticas de educación 
650 |a Perú 
910 |a Fondo Centro de Estudios Educativos 
920 |a Impresos - Libros 
930 |a Fondos Especiales 
905 |a 133 
901 |a ALE017080  |b IT2  |c CEE  |u 20250521 
902 |a https://opac.biblio.iteso.mx/vufind/Record/000461974